Ekológia (ČSFR) Časopis pre ekologické problémy biosféry

Salvato in:
Dettagli Bibliografici
Natura: Periodico
Lingua:inglese
Pubblicazione: Bratislava Slovak Academic Press 1992
Soggetti:
Tags: Aggiungi Tag
Nessun Tag, puoi essere il primo ad aggiungerne!!

MARC

LEADER 00000nas2a2200000 4500
001 s016244
005 20180117154742.7
041 0 |a eng 
044 |a SK 
245 1 0 |a Ekológia (ČSFR)  |b Časopis pre ekologické problémy biosféry 
264 1 |a Bratislava  |b Slovak Academic Press  |c 1992 
300 |a 1 zv. 
773 0 |w eu_un_cat*s120160 
610 2 0 |a ekológia 
610 2 0 |a biosféra